Statistiques concernant Villes du monde en A (facile)

Cliquez ici pour prendre le quiz!

Statistiques générales

  • Ce quiz a été pris 310 fois
    (241 depuis la dernière actualisation)
  • Le résultat moyen est 10 sur 15

Statistiques - réponses

HintRéponse% Correct
Ville européenne connue pour la légalité de son cannabisAmsterdam
97%
Grande ville turque, située dans l'intérieur des terresAnkara
92%
Grande ville du Maghreb, située au bord de la mer MéditerranéeAlger
88%
Ville égyptienne connue pour sa bibliothèque mythiqueAlexandrie
86%
Grande de Géorgie américaine, hôte des Jeux Olympiques de 1996Atlanta
86%
Ville belge réputée pour ses diamantairesAnvers
82%
Grande ville des EAU, souvent éclipsée par DubaïAbou Dhabi
78%
Ville française liée au club de football surnommée le "SCO''Angers
78%
Plus grande ville néo-zélandaiseAuckland
69%
Ancienne capitale du KazakhstanAstana
64%
Grande ville nigériane, devenue il y a quelques temps la capitale du paysAbuja
60%
Capitale de l'ErythréeAsmara
49%
Ville indienne où se situe le Taj MahalAgra
33%
Ancienne capitale du Yémen, qui donne son nom au golfe qui la bordeAden
32%
Plus grande ville australienne de l'OutbackAlice Springs
14%

Distribution des résultats

Percentile par nombre de réponses

% des personnes avec chaque résultat

Votre développement - résultats

Vous n’avez pas pris ce quiz depuis la dernière actualisation